| 000 | 00506nam a2200205Ia 4500 | ||
|---|---|---|---|
| 003 | OSt | ||
| 005 | 20250902101040.0 | ||
| 008 | 250729s2004 xx 000 0 und d | ||
| 020 | _a978-8176484893 | ||
| 040 | _cAL | ||
| 041 | _aeng | ||
| 082 | _a371.333 NAYC | ||
| 100 |
_aNayak A K _9222381 |
||
| 245 | _aClassroom teaching methods and practice | ||
| 260 |
_aNew Delhi _bA P H Publishing _c2004 |
||
| 300 | _a374p | ||
| 650 |
_aEducation _9222382 |
||
| 700 |
_aRao V K _9222383 |
||
| 942 |
_2ddc _cBED |
||
| 999 |
_c235436 _d235436 |
||